| 000 | 00676nam a22002417a 4500 | ||
|---|---|---|---|
| 001 | 10557 | ||
| 003 | BD-RjUL | ||
| 005 | 20211208234957.0 | ||
| 008 | 140125s2010 bg ||||| |||| 001 0 eng d | ||
| 020 | _a9843228375 | ||
| 035 | _a(BD-RjUL)10605 | ||
| 040 |
_aBD-RjUL _beng _cBD-RjUL _dBD-RjUL |
||
| 041 | _aeng | ||
| 082 | 0 | 4 |
_223 _a 515.8 _bCHE 2010 |
| 100 | 1 |
_aChowdhary, Fatema _932634 |
|
| 245 | 1 |
_aEssentials of real analysis / _cFatema chowdhary |
|
| 260 |
_aDhaka : _bPi Publication, _cc2010 |
||
| 300 |
_a345p. ; _c22cm. |
||
| 504 | _aIncludes index | ||
| 650 |
_aFunctions of real variables _932635 |
||
| 700 | 1 |
_aChowdhary, Munibur Rahman _932636 |
|
| 942 |
_2ddc _cBK |
||
| 999 |
_c10557 _d10557 |
||